000
00303nam a22001337a 4500
999
_c
13726
_d
13726
020
_a
9781137609175
082
_a
174.4
100
_a
Mele, Domenec
245
_a
Business Ethics In Action
250
_a
Second Edition
260
_a
UK
_b
RED GLOBE PRESS
_c
2020
300
_a
xxiv, 400 pages
942
_c
BK